BIBLIOTECA PODER JUDICIAL
Portal Judicial TDF

Algunas nociones sobre la prescripción en el régimen disciplinario de la Ley Marco de Regulación del Empleo Público Nacional N.º 25.164 y su implicancia en el procedimiento sumarial / (Registro nro. 5945)

000 -LEADER
fixed length control field 01287nab a22002297a 4500
003 - CONTROL NUMBER IDENTIFIER
control field OSt
005 - DATE AND TIME OF LATEST TRANSACTION
control field 20260114021337.0
008 - FIXED-LENGTH DATA ELEMENTS--GENERAL INFORMATION
fixed length control field 190605e xxu||||| |||| 00| 0 spa d
040 ## - CATALOGING SOURCE
Transcribing agency PJ
100 ## - MAIN ENTRY--PERSONAL NAME
9 (RLIN) 6188
Personal name Berzano, Gisela
245 13 - TITLE STATEMENT
Title Algunas nociones sobre la prescripción en el régimen disciplinario de la Ley Marco de Regulación del Empleo Público Nacional N.º 25.164 y su implicancia en el procedimiento sumarial /
Statement of responsibility, etc Gisela Berzano.
260 ## - PUBLICATION, DISTRIBUTION, ETC. (IMPRINT)
Place of publication, distribution, etc Ciudad Autónoma de Buenos Aires :
Name of publisher, distributor, etc Thomson Reuters La Ley,
Date of publication, distribution, etc 2024.
300 ## - PHYSICAL DESCRIPTION
Extent p. 76-85
500 ## - GENERAL NOTE
General note Cita: TR LALEY AR/DOC/888/2024.<br/><br/>
505 ## - FORMATTED CONTENTS NOTE
Formatted contents note Sumario: I. Consideraciones previas.— II. La prescripción en el procedimiento administrativo disciplinario.— III. Una vez Prescripto...— IV. El art. 37 de la Ley Marco de Regulación del Empleo Público Nacional.— V. Quién lo alega.— VI. Desde cuando.— VII. Conclusión.
505 ## - FORMATTED CONTENTS NOTE
Title ¿Te interesa el texto completo? Solicitalo al correo: koha@justierradelfuego.gov.ar
650 #0 - SUBJECT ADDED ENTRY--TOPICAL TERM
9 (RLIN) 1316
Topical term or geographic name as entry element DERECHO LABORAL
650 #0 - SUBJECT ADDED ENTRY--TOPICAL TERM
9 (RLIN) 938
Topical term or geographic name as entry element EMPLEO PUBLICO
650 #0 - SUBJECT ADDED ENTRY--TOPICAL TERM
9 (RLIN) 6566
Topical term or geographic name as entry element REGIMEN DISCIPLINARIO
773 0# - HOST ITEM ENTRY
Host Biblionumber 2711
Host Itemnumber 3168
Place, publisher, and date of publication Ciudad Autónoma de Buenos Aires : Thomson Reuters La Ley, 1999-2002.
Title Revista de derecho del trabajo. Nº 3 - Mayo 2024
942 ## - ADDED ENTRY ELEMENTS (KOHA)
Source of classification or shelving scheme
Koha item type Analítica Artículo de Revista

No hay ítems disponibles.

12 de Octubre 789 Ushuaia - Tel:  54(02901)441571
Horario de Atención: 8.00 a 17.00 hs. 
bibliotecaush@justierradelfuego.gov.ar
koha@justierradelfuego.gov.ar
Seguinos en nuestras redes @bibliojustdf 

Con tecnología Koha